Once Upon A Time Character Trivia Quiz - Statistics

General Stats
  • This quiz has been taken 1,007 times
  • The average score is 12 of 15
Answer Stats
Hint Answer % Correct
Ginnifer Goodwin Snow White
100%
Jennifer Morrison Emma Swan
99%
Josh Dallas Prince Charming
99%
Lana Parrilla Evil Queen
97%
Emilie de Ravin Belle
96%
Colin O'Donoghue Captian Hook
96%
Jared Gilmore Henry Mills
95%
Robert Carlyle Rumplestiltskin
95%
Meghan Ory Red Riding Hood
87%
Rebecca Madler Zelena
75%
Michael Raymond-James Neal Cassidy
67%
Jamie Dornan Sheriff Graham
63%
Raphael Sbarge Jiminy Cricket
49%
Keegan Connor Tracy Blue Fairy
48%
JoAnna Garcia Swisher Ariel
41%
No matching quizzes found
Score Distribution
Percent of People with Each Score
Percentile by Number Answered
Your Score History
You have not taken this quiz